000 00307nam a22001337a 4500
008 171221b xxu||||| |||| 00| 0 eng d
020 _a1556642962
041 _aeng
080 _a617
100 _a8
101 _aOFT
245 _aDECISION MAKING IN PEDIATRIC OPHTHALMOLOGY
_cCIBIS,G.W
942 _2udc
_cBK
999 _c39268
_d39268